| 000 | 00409nam a2200181Ia 4500 | ||
|---|---|---|---|
| 001 | 19194 | ||
| 003 | GE_BSU | ||
| 008 | 181216s||||||||xx |||||||||||||| ||und|| | ||
| 040 | _cGE_BSU | ||
| 245 | _aParis Match, du 25 AU 31aout.2016 | ||
| 245 | _b№3510 | ||
| 260 | _aParis | ||
| 260 | _c2016 | ||
| 300 | _a107p;ill;30cm | ||
| 653 | _aParis Match | ||
| 653 | _aპერიოდიკა | ||
| 942 | _cCR | ||
| 999 |
_c52186 _d52186 |
||